| 000 -ლიდერი |
| ფიქსირებული სიგრძის საკონტროლო ველი |
01769nam a2200301Ia 4500 |
| 001 - საკონტროლო ნომერი |
| საკონტროლო ველი |
19920 |
| 003 - საკონტროლო ნომრის იდენტიფიკატორი |
| საკონტროლო ველი |
GE_BSU |
| 005 - ბოლო ოპერაციის თარიღი და დრო |
| საკონტროლო ველი |
20200510232028.0 |
| 008 - ფიქსირებული სიგრძის მონაცემთა ელემენტები - ზოგადი ინფორმაცია |
| ფიქსირებული სიგრძის საკონტროლო ველი |
181216s1949||||ge |||||||||||||| ||geo|| |
| 040 ## - კატალოგიზაციის წყარო |
| Transcribing agency |
GE_BSU |
| 041 ## - ენის კოდი |
| Language code of text/sound track or separate title |
geo |
| 080 ## - უნივერსალური ათობითი კლასიფიკაციის ინდექსი |
| Universal Decimal Classification number |
81'374.26(038) : 27-247 ი-50 |
| 100 ## - მთავარი ჩანაწერი - პიროვნების სახელი |
| Personal name |
იმნაიშვილი, ი. |
| 9 (RLIN) |
5492 |
| 245 ## - ცნობა სათაურის შესახებ |
| Title |
ქართული ოთხთავის სიმფონია-ლექსიკონი = Симфония-словарь к грузинскому четвероглаву : |
| Remainder of title |
ნაკვ. 2 : ნ - [...] და საკუთარი სახელი / |
| Statement of responsibility, etc |
ი. იმნაიშვილი ; ა. შანიძის რედ. [და წინასიტყვაობით] |
| 264 ## - წარმოების, გამოცემის, დისტრიბუციის და სხვა ცნობები |
| გამოცემის, წარმოების, დისტრიბუციის... ადგილი |
თბილისი : |
| გამოცემის, წარმოების, დისტრიბუციის... სახელწოდება |
საქ. სსრ მეცნ. აკად. გამ-ბა, |
| გამოცემის, წარმოების, დისტრიბუციის... თარიღი |
1948. |
| 300 ## - ფიზიკური აღწერა |
| Extent |
032, 417-839 გვ. ; |
| Dimensions |
27 სმ. |
| 490 ## - სერიის ცნობა |
| Series statement |
ძველი ქართული ენის ძეგლები |
| Volume number/sequential designation |
6,2 |
| 546 ## - LANGUAGE NOTE |
| Language note |
წანართი რედაქტორისაგან ქართულ და რუსულ ენებზე გვ. 05-08 |
| 653 ## - INDEX TERM--UNCONTROLLED |
| Uncontrolled term |
ქართული ენა |
| 653 ## - INDEX TERM--UNCONTROLLED |
| Uncontrolled term |
ქართული ოთხთავი |
| 653 ## - INDEX TERM--UNCONTROLLED |
| Uncontrolled term |
სახარება |
| 653 ## - INDEX TERM--UNCONTROLLED |
| Uncontrolled term |
ძველი აღთქმა |
| 653 ## - INDEX TERM--UNCONTROLLED |
| Uncontrolled term |
ქართული ოთხთავის სიმფონია-ლექსიკონი |
| 653 ## - INDEX TERM--UNCONTROLLED |
| Uncontrolled term |
Симфония-словарь к грузинскому четвероглаву |
| 710 ## - ADDED ENTRY--CORPORATE NAME |
| Corporate name or jurisdiction name as entry element |
საქართელოს სსრ მეცნიერებათა აკადემიის სტამბა |
| 9 (RLIN) |
8036 |
| 942 ## - ADDED ENTRY ELEMENTS (KOHA) |
| Koha item type |
წიგნი |
| Source of classification or shelving scheme |
|